Characters from Otterpops Quiz Stats

 Plays Quiz not verified by Sporcle

Score 0/6 Timer 05:00
0 Plays Today
% Correct
Alexander the Grape
78.6%
Sir Isaac Lime
78.6%
Little Orphan Orange
71.4%
Poncho Punch
57.1%
Strawberry Short Kook
50%
Louie Bloo Raspberry
50%

You're not logged in!

Compare scores with friends on all Sporcle quizzes.
OR
Log In

Show Comments

Extras

Created Oct 19, 2010ReportNominate
Tags:character, pop

Top Quizzes Today


Score Distribution

Your Account Isn't Verified!

In order to create a playlist on Sporcle, you need to verify the email address you used during registration. Go to your Sporcle Settings to finish the process.

Report this User

Report this user for behavior that violates our Community Guidelines.

Details: